McCoy Inverted Jenny - position 76, offered on behalf of the American Philatelic Research Library (Record no. 2563)

000 -LEADER
fixed length control field 00456nam a22000977a 4500
008 - FIXED-LENGTH DATA ELEMENTS--GENERAL INFORMATION
fixed length control field 171204b xxu||||| |||| 00| 0 eng d
100 ## - MAIN ENTRY--AUTHOR'S NAME
Author's Name Robert A. Siegel Auction Galleries
245 ## - TITLE STATEMENT
Title McCoy Inverted Jenny - position 76, offered on behalf of the American Philatelic Research Library
260 ## - PUBLICATION, DISTRIBUTION, ETC. (IMPRINT)
Place of publication, distribution, etc. New York
Name of publisher, distributor, etc. Robert A. Siegel Auction Galleries
Date of publication, distribution, etc. 2017
650 ## - TOPICAL TERM (Tag)
Topical term or geographic name United States | Air Mail | Errors and Varieties | Inverted Jenny | McCoy, Ethel B. | Theft | Auctions
Holdings
Withdrawn status Lost status Source of classification or shelving scheme Damaged status Koha normalized classification for sorting Not for loan Permanent Location Current Location Shelving location Date acquired Total Checkouts Full call number Barcode Date last seen Copy number Price effective from Koha item type
        G3700 A11 S571   Northern Philatelic Library Northern Philatelic Library General Stacks 12/04/2017   G3700 A11 S571 1002832 12/04/2017 1 12/04/2017  
        G3700 A11 S571   Northern Philatelic Library Northern Philatelic Library General Stacks 12/05/2022   G3700 A11 S571 1005927 12/05/2022 2 12/05/2022 Auction Catalogs

Powered by Koha